Dai principi alle regole : eguaglianza e divieti di discriminazione nella disciplina dei rapporti di lavoro /

Salvato in:
Dettagli Bibliografici
Autore principale: De Simone, Gisella (Autore)
Natura: Libro
Lingua:italiano
Pubblicazione: Torino : G. Giappichelli, [2001]
Serie:Analisi e diritto. Serie teorica ; 48
Soggetti:
Tags: Aggiungi Tag
Nessun Tag, puoi essere il primo ad aggiungerne!!

MARC

LEADER 00000nam a22000007i 4500
001 IT\ICCU\RMG\0035319
003 ItRI
005 20260115231906.0
008 010702s2001 it |||||| ||||| |||||c
020 |a 8834811828 
040 |b ita  |c importazione bologna sebina 
041 7 |a ita  |2 ISO-639-2 
082 |a 344.4501133  |9 DIRITTO DEL LAVORO. Disfunzioni del mercato del lavoro. Discriminazione. Italia  |2 19 
100 1 |a De Simone, Gisella  |0 IT\ICCU\BVEV\002392  |4 aut 
240 1 0 |a Dai principi alle regole.  |3 IT\ICCU\MSE\0072688  |9 De Simone, Gisella 
245 1 0 |a Dai principi alle regole :  |b eguaglianza e divieti di discriminazione nella disciplina dei rapporti di lavoro /  |c Gisella De Simone. 
260 |a Torino :  |b G. Giappichelli,  |c [2001] 
300 |a XI, 272 p. ;  |c 23 cm. 
650 7 |a Eguaglianza  |x Diritto del lavoro  |2 scbi 
830 0 |a Analisi e diritto. Serie teorica ;  |v 48  |0 IT\ICCU\CFI\0171433 
942 |2 ddc  |c BK  |n 0 
952 |0 0  |1 0  |4 0  |6 DOC_323_420000000000000_DES  |7 0  |9 15587  |a BO  |b BO  |d 2026-01-15  |i 11072  |l 0  |o DOC 323.420 DES  |p BO11072  |r 2026-01-15 23:19:06  |w 2026-01-15  |x [Sebina 5] [1 v.]  |y BK  |z 1 v. 
999 |c 13413  |d 13413